000
00278nam a2200109Ia 4500
008
230907s9999||||xx |||||||||||||| ||und||
082
_a
620.106
_b
ADV
245
0
_a
Advances in Fluid Mechanics and Turbomachinery /
260
_a
Springer,
_c
1998
300
_a
181 p.
942
_c
BK
999
_c
598360
_d
598360